[Event "40th Olympiad Open"]
[Site "Istanbul TUR"]
[Date "2012.09.07"]
[Round "10.41"]
[Board "3"]
[White "Almedina Ortiz, Edgardo J"]
[Black "Abdyjapar, Asyl"]
[Result "1/2-1/2"]
[WhiteTitle "FM"]
[BlackTitle "FM"]
[WhiteElo "2247"]
[BlackElo "2365"]
[WhiteTeam "Puerto Rico"]
[BlackTeam "Kyrgyzstan"]
[WhiteFideId "3100197"]
[BlackFideId "13800337"]
[EventDate "2012.08.28"]

1. e4 c5 2. Nf3 d6 3. d4 cxd4 4. Nxd4 Nf6 5. Nc3 a6 6. Bc4 e6 7. O-O b5 8. Bb3
b4 9. Na4 Nxe4 10. Re1 d5 11. Bf4 Bb7 12. Nxe6 fxe6 13. Rxe4 dxe4 14. Qh5+ g6
15. Qe5 Qd6 16. Qxd6 Bxd6 17. Bxd6 Kf7 18. Nb6 Ra7 19. Bxb4 Rd8 20. Bc5 a5 21.
a4 Na6 22. Be3 Nb4 23. Nc4 Ra6 24. Ne5+ Kf6 25. Ng4+ Kf5 26. Nh6+ Kf6 27. Ng4+
Kf5 28. Nh6+ Kf6 29. Ng4+ Kf5 30. Nh6+ Kf6 31. Ng4+ 1/2-1/2

[Event "40th Olympiad Open"]
[Site "Istanbul TUR"]
[Date "2012.09.07"]
[Round "10.41"]
[Board "4"]
[White "Takyrbashev, B."]
[Black "Berrios Echevarria, Gabriel"]
[Result "1-0"]
[BlackTitle "FM"]
[WhiteElo "2195"]
[BlackElo "2221"]
[WhiteTeam "Kyrgyzstan"]
[BlackTeam "Puerto Rico"]
[WhiteFideId "13800272"]
[BlackFideId "3100928"]
[EventDate "2012.08.28"]

1. c4 g6 2. Nc3 Bg7 3. d4 Nf6 4. e4 d6 5. Be2 a5 6. Bg5 h6 7. Bh4 g5 8. Bg3 Na6
9. h4 c5 10. d5 g4 11. h5 Rg8 12. f4 gxf3 13. gxf3 Nd7 14. Bf4 Ne5 15. Qd2 Qb6
16. Bxh6 Bxh6 17. Qxh6 Qxb2 18. Qc1 Qxc1+ 19. Rxc1 f5 20. f4 Nf7 21. Nf3 fxe4
22. Ng5 Nh6 23. Ncxe4 Bd7 24. Rb1 O-O-O 25. Kd2 Kb8 26. Rb2 Ka7 27. Rhb1 Rb8 28.
Nc3 Nc7 29. Bd3 Rgf8 30. Re1 Ng8 31. Ke3 Rf6 32. a4 Na6 33. Bg6 Rff8 34. Nb5+
Bxb5 35. Rxb5 Nc7 36. Rb2 e6 37. Nxe6 Nxe6 38. dxe6 Ne7 39. Bf7 Rbd8 40. Reb1 1-0

[Event "40th Olympiad Open"]
[Site "Istanbul TUR"]
[Date "2012.09.07"]
[Round "10.42"]
[Board "1"]
[White "Gruenfeld, Yehuda"]
[Black "Ziska, Helgi Dam"]
[Result "1/2-1/2"]
[WhiteTitle "GM"]
[BlackTitle "IM"]
[WhiteElo "2434"]
[BlackElo "2469"]
[WhiteTeam "ICSC"]
[BlackTeam "Faroe Islands"]
[WhiteFideId "2800020"]
[BlackFideId "7200595"]
[EventDate "2012.08.28"]

1. e4 c5 2. Nf3 d6 3. d4 cxd4 4. Nxd4 Nf6 5. Nc3 a6 6. Bg5 e6 7. f4 Nc6 8. Nxc6
bxc6 9. e5 h6 10. Bh4 g5 11. Bf2 Nd5 12. Ne4 gxf4 13. Qh5 Qa5+ 14. c3 Ne3 15.
Bh4 Ra7 16. exd6 Qxh5 17. Nf6+ Kd8 18. Nxh5+ Kd7 19. Bf6 Rg8 20. Bd4 Nc2+ 21.
Kd2 Nxd4 22. Nf6+ Kd8 23. Nxg8 Nf5 24. Bd3 Nxd6 25. Rhf1 f5 26. Rae1 Rg7 27. Nf6
Be7 28. Nh5 Rxg2+ 29. Kd1 Rxh2 30. Nxf4 Bg5 31. Rf3 Ke7 32. c4 c5 33. b4 Bb7 34.
Rxe6+ Kd7 35. Rxd6+ Kxd6 36. bxc5+ Ke5 37. Nd5 f4 38. Be2 Kd4 39. Rb3 Bc6 40.
Ra3 Rh1+ 41. Kc2 Rh2 42. Kd1 Rh1+ 43. Kc2 f3 44. Bxf3 Rc1+ 45. Kb3 Rb1+ 46. Kc2
Rc1+ 47. Kb3 Rxc4 48. Rxa6 Bxd5 49. Bxd5 Kxd5 50. Rd6+ Kxc5 51. Rc6+ Kxc6 52.
Kxc4 h5 53. Kd3 h4 54. Ke2 h3 55. Kf2 h2 56. Kg2 h1=B+ 57. Kxh1 1/2-1/2

[Event "40th Olympiad Open"]
[Site "Istanbul TUR"]
[Date "2012.09.07"]
[Round "10.42"]
[Board "2"]
[White "Nilssen, John Arni"]
[Black "Orsag, Milan1"]
[Result "1/2-1/2"]
[WhiteTitle "IM"]
[BlackTitle "IM"]
[WhiteElo "2372"]
[BlackElo "2405"]
[WhiteTeam "Faroe Islands"]
[BlackTeam "ICSC"]
[WhiteFideId "7200137"]
[BlackFideId "300853"]
[EventDate "2012.08.28"]

1. d4 d5 2. c4 e6 3. Nf3 c5 4. cxd5 exd5 5. Nc3 Nc6 6. g3 Nf6 7. Bg2 Be7 8. O-O
O-O 9. Bg5 cxd4 10. Nxd4 h6 11. Bf4 Bg4 12. h3 Be6 13. Nxe6 fxe6 14. e4 d4 15.
e5 dxc3 16. exf6 Bxf6 17. bxc3 Qxd1 18. Rfxd1 Rad8 19. Rac1 Rxd1+ 20. Rxd1 Rd8
21. Rc1 Rd3 22. Rb1 Rd7 23. c4 Bd4 24. Rb5 Nd8 25. h4 b6 26. g4 Nf7 27. g5 hxg5
28. hxg5 Nd6 29. Bh3 Kf7 30. Rb3 Ke7 31. Bxd6+ Kxd6 32. Rd3 Ke5 33. Kf1 Rc7 34.
Bxe6 b5 35. cxb5 Rc1+ 36. Kg2 Rc2 37. Bb3 Rxf2+ 38. Kg3 Rf1 39. Rd1 Rxd1 40.
Bxd1 1/2-1/2

[Event "40th Olympiad Open"]
[Site "Istanbul TUR"]
[Date "2012.09.07"]
[Round "10.42"]
[Board "3"]
[White "Klasan, Vladimir"]
[Black "Rodgaard, John"]
[Result "0-1"]
[BlackTitle "IM"]
[WhiteElo "2342"]
[BlackElo "2354"]
[WhiteTeam "ICSC"]
[BlackTeam "Faroe Islands"]
[WhiteFideId "934054"]
[BlackFideId "7200013"]
[EventDate "2012.08.28"]

1. e4 e6 2. d4 d5 3. Nc3 Bb4 4. Ne2 dxe4 5. a3 Be7 6. Nxe4 Nf6 7. Nxf6+ Bxf6 8.
Be3 Nc6 9. Qd2 e5 10. d5 Ne7 11. O-O-O Nf5 12. Nc3 Nxe3 13. fxe3 O-O 14. Bc4 Be7
15. Qe2 Bd6 16. g4 Qh4 17. Rhg1 f5 18. gxf5 Bxf5 19. Bd3 Bxd3 20. Qxd3 Rf2 21.
Ne4 Rxh2 22. Ng5 Rf8 23. Ne6 Rf7 24. Qb5 Qf2 25. Qd3 Qe2 26. Qe4 Bf8 27. Rde1
Qd2+ 28. Kb1 Re2 29. Rxe2 Qxe2 30. Ng5 Rf1+ 31. Ka2 g6 32. Rg2 Qa6 33. Qxe5 Qd6
34. Qd4 Bg7 35. Qc4 Rf5 36. e4 Rf8 37. Ne6 Rf7 38. c3 Be5 39. Qa4 c6 40. Qxa7
cxd5 41. Qa8+ Qb8 42. Qxb8+ Bxb8 43. exd5 Rf6 44. Nc5 Rf5 45. Nxb7 Rxd5 46. c4
Rd7 47. Nc5 Re7 48. b4 Kg7 49. Nb3 h5 50. Nd4 Re4 51. Nc6 Bf4 52. b5 h4 53. a4
h3 54. Rg1 h2 55. Rh1 Rxc4 56. Kb3 Rc1 57. Rxh2 Bxh2 58. a5 g5 59. a6 Bg1 60.
Na5 g4 61. Nc4 g3 62. b6 Rb1+ 63. Kc2 Rxb6 64. a7 Ra6 0-1

[Event "40th Olympiad Open"]
[Site "Istanbul TUR"]
[Date "2012.09.07"]
[Round "10.42"]
[Board "4"]
[White "Nielsen, Rogvi Egilstoft"]
[Black "Salov, Sergej"]
[Result "0-1"]
[BlackTitle "IM"]
[WhiteElo "2203"]
[BlackElo "2234"]
[WhiteTeam "Faroe Islands"]
[BlackTeam "ICSC"]
[WhiteFideId "7200447"]
[BlackFideId "4107926"]
[EventDate "2012.08.28"]

1. e4 c5 2. c3 d5 3. exd5 Qxd5 4. d4 Nc6 5. Nf3 Bg4 6. Be2 cxd4 7. cxd4 e6 8.
Nc3 Bb4 9. O-O Qa5 10. h3 Bxf3 11. Bxf3 Nge7 12. a3 Bxc3 13. bxc3 O-O 14. Qb3
Qc7 15. g3 Rac8 16. Bf4 Qd7 17. Rab1 b6 18. Rfc1 Rfd8 19. Qb5 Na5 20. Be2 Nd5
21. Bd2 Qxb5 22. Bxb5 Nc4 23. Bxc4 Rxc4 24. Kf1 Rdc8 25. Rb3 a6 26. Ke2 b5 27.
Kd3 f6 28. Ra1 Nb6 29. Rb4 Na4 30. Rab1 R4c6 31. Rxa4 bxa4 32. Rb4 Kf7 33. c4
Ke7 34. Rxa4 Rb8 35. Bb4+ Kd7 36. Ra5 Rbc8 37. d5 exd5 38. cxd5 Rb6 39. d6 Rcc6
40. Rh5 h6 41. Rd5 Rb5 42. Rxb5 axb5 43. Ke4 Ke6 44. g4 Rc4+ 45. Kf3 Rd4 46. Ke3
Rd1 47. h4 g6 48. Kf4 Rh1 49. Kg3 Rg1+ 50. Kf4 Rh1 51. Kg3 h5 52. gxh5 gxh5 53.
f3 Rd1 54. Bc5 Rd5 55. Bb4 Rd4 56. Bc5 Rc4 57. Bb4 f5 58. Kh3 f4 59. Kg2 Rxb4
60. axb4 Kxd6 61. Kf2 Kd5 0-1

[Event "40th Olympiad Open"]
[Site "Istanbul TUR"]
[Date "2012.09.07"]
[Round "10.44"]
[Board "1"]
[White "Njili, Kamel"]
[Black "Oatlhotse, Providence"]
[Result "1-0"]
[WhiteTitle "FM"]
[BlackTitle "CM"]
[WhiteElo "2357"]
[BlackElo "2267"]
[WhiteTeam "Tunisia"]
[BlackTeam "Botswana"]
[WhiteFideId "5500869"]
[BlackFideId "11300507"]
[EventDate "2012.08.28"]

1. e4 c5 2. Nf3 d6 3. d4 cxd4 4. Nxd4 Nf6 5. Nc3 g6 6. Be3 Bg7 7. f3 Nc6 8. Bc4
O-O 9. Qd2 Bd7 10. Nxc6 bxc6 11. h4 h5 12. O-O-O Rb8 13. g4 Bxg4 14. fxg4 Nxe4
15. Qd3 Nxc3 16. bxc3 d5 17. Bb3 Qa5 18. gxh5 e5 19. h6 e4 20. hxg7 exd3 21.
gxf8=Q+ Rxf8 22. Rxd3 Qa3+ 23. Kb1 a5 24. h5 a4 25. Bc1 Qe7 26. hxg6 axb3 27. g7
bxc2+ 28. Ka1 Rb8 29. Rh8+ Kxg7 30. Rxb8 Qe1 31. Kb2 Qd1 32. Rg3+ Kf6 33. Rb6 d4
34. Rxc6+ Ke7 35. Rc4 dxc3+ 36. Rgxc3 f6 37. a4 Kf7 38. Rxc2 Qd5 39. Bd2 Kg6 40.
a5 f5 41. Ka3 Kh5 42. Bb4 Qd3+ 43. R4c3 Qf1 44. Bc5 f4 45. Rc4 Qa1+ 46. Kb4 Qe1+
47. Ka4 Qe8+ 48. Ka3 Qe1 49. a6 Qa1+ 50. Ra2 Qf1 51. Kb3 Qd1+ 52. Rac2 Qb1+ 53.
Ka4 Qa1+ 54. Kb5 Qb1+ 55. Kc6 Qe1 56. a7 Qe8+ 57. Kb6 Qd8+ 58. Ka6 Qc8+ 59. Ka5
Kg4 60. Rxf4+ 1-0

[Event "40th Olympiad Open"]
[Site "Istanbul TUR"]
[Date "2012.09.07"]
[Round "10.44"]
[Board "2"]
[White "Boikanyo, Cinky"]
[Black "Amdouni, Zoubaier"]
[Result "0-1"]
[WhiteElo "2037"]
[BlackElo "2305"]
[WhiteTeam "Botswana"]
[BlackTeam "Tunisia"]
[WhiteFideId "11300531"]
[BlackFideId "5500419"]
[EventDate "2012.08.28"]

1. Nf3 Nf6 2. c4 e6 3. g3 d5 4. Bg2 dxc4 5. Qc2 a6 6. Ne5 Be7 7. O-O O-O 8. Qxc4
Nbd7 9. Nxd7 Qxd7 10. d4 Rd8 11. e3 Nd5 12. Bd2 b5 13. Qc2 Bb7 14. Rc1 Rac8 15.
Ba5 Rf8 16. b4 Bxb4 17. Bxb4 Nxb4 18. Qb3 Bxg2 19. Kxg2 Qd5+ 20. Kg1 Qxb3 21.
axb3 Rfd8 22. Nc3 c5 23. dxc5 f5 24. Na2 Nd3 25. Rd1 Nxc5 26. Rxd8+ Rxd8 27. Nb4
Ra8 28. Ra5 Kf7 29. Kf1 Ke8 30. Ke2 Kd7 31. f3 Kc7 32. Nd3 Kb6 33. Ra3 Nxd3 34.
Kxd3 b4 35. Ra1 Rc8 36. Kd4 Rc3 37. Rb1 Kb5 38. Rb2 a5 39. f4 Rc5 40. e4 fxe4
41. Kxe4 h5 42. Kd4 Rd5+ 43. Ke4 g5 44. fxg5 Rxg5 45. Kf4 Rf5+ 46. Ke4 Rd5 47.
h3 a4 48. bxa4+ Kxa4 49. Ra2+ Kb5 50. Rb2 Kc4 51. Rc2+ Kb5 52. Rb2 Rg5 53. Kf4
Rf5+ 54. Ke4 Rd5 55. Rb1 Rc5 56. Kf4 Rf5+ 57. Ke4 Rd5 58. Kf4 Kc4 59. Rc1+ Kd3
60. g4 b3 61. Rc6 hxg4 62. Rxe6 gxh3 63. Re3+ Kc2 64. Rxh3 b2 65. Ke4 Rd2 0-1

[Event "40th Olympiad Open"]
[Site "Istanbul TUR"]
[Date "2012.09.07"]
[Round "10.44"]
[Board "3"]
[White "Zaibi, Amir"]
[Black "Khetho, Phemelo"]
[Result "0-1"]
[WhiteTitle "CM"]
[BlackTitle "FM"]
[WhiteElo "2214"]
[BlackElo "2133"]
[WhiteTeam "Tunisia"]
[BlackTeam "Botswana"]
[WhiteFideId "5500796"]
[BlackFideId "11300280"]
[EventDate "2012.08.28"]

1. e4 e5 2. Nf3 d6 3. d4 Nd7 4. Nc3 c6 5. Bc4 Be7 6. Bb3 Ngf6 7. g4 exd4 8. Qxd4
Nc5 9. g5 Nxb3 10. axb3 Nh5 11. Rg1 a6 12. Be3 O-O 13. O-O-O Qa5 14. Kb1 Be6 15.
Qd2 Rfe8 16. Nd4 Bf8 17. f4 g6 18. f5 gxf5 19. b4 Qe5 20. Nf3 Qh8 21. Bd4 Bg7
22. Bf6 Rad8 23. Nh4 fxe4 24. Nxe4 Kf8 25. Rdf1 Bd5 26. Nc3 Nxf6 27. gxf6 Bxf6
28. Nxd5 cxd5 29. Qxd5 Re5 30. Qxb7 Rb5 31. Qe4 Bxb2 32. Qe6 Rb7 33. Rg4 Ba1 34.
Qh6+ Bg7 35. Qg5 Rdb8 36. Qd2 Be5 37. Nf5 h5 38. Re4 Qf6 39. Ne3 Qg6 40. Rc4 a5
41. Nd5 axb4 42. Rxb4 Rxb4+ 43. Nxb4 Qe4 44. Qh6+ Ke8 45. Kc1 Rxb4 0-1

[Event "40th Olympiad Open"]
[Site "Istanbul TUR"]
[Date "2012.09.07"]
[Round "10.44"]
[Board "4"]
[White "Njobvu, Ignatius"]
[Black "Boudriga, Med Ali"]
[Result "1/2-1/2"]
[WhiteTitle "CM"]
[WhiteElo "2226"]
[BlackElo "2191"]
[WhiteTeam "Botswana"]
[BlackTeam "Tunisia"]
[WhiteFideId "11300132"]
[BlackFideId "5500460"]
[EventDate "2012.08.28"]

1. d4 d5 2. c4 c6 3. Nf3 e6 4. Qc2 Nf6 5. Nbd2 Nbd7 6. g3 Be7 7. Bg2 O-O 8. O-O
b6 9. e4 dxe4 10. Nxe4 Nxe4 11. Qxe4 Bb7 12. Rd1 Qc8 13. Bf4 Nf6 14. Qe2 Re8 15.
Bh3 a5 16. Rac1 Ra7 17. d5 cxd5 18. Ne5 dxc4 19. Rxc4 Ba6 20. Rxc8 Bxe2 21.
Rxe8+ Nxe8 22. Rd2 Bb5 23. Be3 Bc5 24. Bxc5 bxc5 25. Rd8 Kf8 26. Rb8 Bd7 27. Bg2
Ke7 28. Bc6 Nf6 29. Bxd7 Nxd7 30. Nxd7 Kxd7 31. Rg8 g6 32. Rg7 Ke7 33. Rxh7 Rb7
34. b3 c4 35. bxc4 Rb4 36. Rh4 Ra4 37. Rd4 Rxa2 38. Rd1 a4 39. c5 Rc2 40. Rd4 a3
41. Ra4 a2 42. Ra7+ 1/2-1/2

[Event "40th Olympiad Open"]
[Site "Istanbul TUR"]
[Date "2012.09.07"]
[Round "10.45"]
[Board "1"]
[White "Dervishi, Erald"]
[Black "Dive, Russell John"]
[Result "1-0"]
[WhiteTitle "GM"]
[BlackTitle "IM"]
[WhiteElo "2538"]
[BlackElo "2334"]
[WhiteTeam "Albania"]
[BlackTeam "New Zealand"]
[WhiteFideId "4700236"]
[BlackFideId "4300106"]
[EventDate "2012.08.28"]

1. e4 Nf6 2. e5 Nd5 3. d4 d6 4. Nf3 Nc6 5. c4 Nb6 6. e6 fxe6 7. Nc3 g6 8. h4 Bg7
9. Be3 O-O 10. h5 e5 11. hxg6 hxg6 12. d5 Nd4 13. Nxd4 exd4 14. Bxd4 Bxd4 15.
Qxd4 e5 16. Qd3 Kg7 17. Qe3 Rh8 18. Rxh8 Qxh8 19. c5 Nd7 20. cxd6 cxd6 21. Ne4
Nf6 22. Nxd6 Qf8 23. Qxe5 Bg4 24. Bb5 Rd8 25. Ne4 Qb4+ 26. Nc3 Rxd5 27. Qc7+ Kh6
28. Kf1 Rxb5 29. Nxb5 Qxb5+ 30. Kg1 Qxb2 31. Re1 Qb4 32. Re7 Nd5 33. Rh7+ Kg5
34. Qe5+ Bf5 35. Qxd5 Qe1+ 36. Kh2 Qxf2 37. Qd6 a5 38. Qd8+ Kg4 39. Qd1+ Kg5 40.
Qc1+ Kg4 41. Qc4+ Kg5 42. Rxb7 Qe3 43. Rb5 Qd2 44. Rd5 Qb2 45. Kg3 Qb8+ 46. Kf3 1-0

[Event "40th Olympiad Open"]
[Site "Istanbul TUR"]
[Date "2012.09.07"]
[Round "10.45"]
[Board "2"]
[White "Croad, Nicolas"]
[Black "Mehmeti, Dritan"]
[Result "0-1"]
[WhiteTitle "FM"]
[BlackTitle "IM"]
[WhiteElo "2255"]
[BlackElo "2437"]
[WhiteTeam "New Zealand"]
[BlackTeam "Albania"]
[WhiteFideId "4300793"]
[BlackFideId "4700600"]
[EventDate "2012.08.28"]

1. d4 c5 2. d5 Nf6 3. c4 b5 4. cxb5 a6 5. f3 g6 6. e4 Bg7 7. Nc3 O-O 8. Nh3 e6
9. Nf4 Bb7 10. bxa6 Nxa6 11. Bc4 exd5 12. exd5 Re8+ 13. Nfe2 Nh5 14. O-O Qh4 15.
Ne4 Rxe4 16. fxe4 Re8 17. Bf4 Rxe4 18. Qd3 Nxf4 19. Rxf4 Rxf4 20. Nxf4 Qxf4 21.
Bxa6 Bxa6 22. Qxa6 Bd4+ 23. Kh1 Be5 24. Kg1 Qxh2+ 25. Kf2 Bd4+ 26. Kf3 Qh5+ 27.
Kg3 Qg5+ 28. Kh3 Bf2 29. g4 Qh4+ 30. Kg2 Qg3+ 31. Kf1 Bd4 32. Qe2 Qg1# 0-1

[Event "40th Olympiad Open"]
[Site "Istanbul TUR"]
[Date "2012.09.07"]
[Round "10.45"]
[Board "3"]
[White "Pasku, Llambi"]
[Black "Steadman, Michael"]
[Result "0-1"]
[BlackTitle "FM"]
[WhiteElo "2061"]
[BlackElo "2237"]
[WhiteTeam "Albania"]
[BlackTeam "New Zealand"]
[WhiteFideId "4700570"]
[BlackFideId "4300548"]
[EventDate "2012.08.28"]

1. d4 e6 2. c4 d5 3. Nc3 c6 4. Nf3 dxc4 5. e4 b5 6. a4 Bb4 7. Be2 Nf6 8. Qc2 Bb7
9. O-O Qb6 10. Be3 Ng4 11. Bg5 h6 12. Bh4 Nd7 13. e5 h5 14. Bg5 a6 15. Ne4 Nh6
16. Bxh6 Rxh6 17. b3 cxb3 18. Qxb3 Be7 19. Rfc1 Rc8 20. Rab1 c5 21. dxc5 Nxc5
22. Nxc5 Bxc5 23. axb5 Bxf2+ 24. Kf1 Rxc1+ 25. Rxc1 Rg6 26. Qd3 a5 27. Rc6 Bxc6
28. bxc6 Qxc6 29. Kxf2 Rg4 30. Qd6 Qxd6 31. exd6 f6 32. Bb5+ Kd8 33. Ke3 e5 34.
d7 Rb4 35. Bc6 a4 36. Ne1 a3 37. Nd3 Rb3 38. Bd5 a2 39. Bxb3 a1=Q 40. Be6 Qd4+ 0-1

[Event "40th Olympiad Open"]
[Site "Istanbul TUR"]
[Date "2012.09.07"]
[Round "10.45"]
[Board "4"]
[White "Li, Zuhao Luke"]
[Black "Seitaj, Ilir"]
[Result "0-1"]
[BlackTitle "IM"]
[WhiteElo "2227"]
[BlackElo "2400"]
[WhiteTeam "New Zealand"]
[BlackTeam "Albania"]
[WhiteFideId "4303431"]
[BlackFideId "4700031"]
[EventDate "2012.08.28"]

1. d4 d5 2. c4 e6 3. Nc3 c5 4. cxd5 exd5 5. Nf3 Nc6 6. g3 Nf6 7. Bg2 Be7 8. O-O
O-O 9. dxc5 d4 10. Na4 Bf5 11. b4 Nxb4 12. Nxd4 Be4 13. Bxe4 Nxe4 14. Ba3 Na6
15. Nf5 Bxc5 16. Nxc5 Nexc5 17. Rc1 b6 18. Bb2 Qxd1 19. Rfxd1 f6 20. h4 Rfe8 21.
Kf1 Nb4 22. Ba3 Nba6 23. Nd6 Re5 24. Bb2 Re7 25. h5 Rd8 26. Nf5 Red7 27. Rxd7
Rxd7 28. h6 g6 29. Ne3 Kf7 30. Ng4 Rd6 31. f3 Nb8 32. e4 Nbd7 33. Ke2 f5 34.
Ne5+ Nxe5 35. Bxe5 Re6 36. Bd4 fxe4 37. Bxc5 exf3+ 38. Kxf3 bxc5 39. Rxc5 Ra6
40. Rc7+ Kf6 41. Rxh7 Kg5 42. Rc7 Ra3+ 43. Ke4 Kxh6 44. Rc2 Kg5 45. Kd5 Kg4 46.
Kc5 a5 47. Kd5 Rxg3 48. Ke6 Kh5 49. Rh2+ Kg5 50. Rf2 a4 51. Kf7 Rg4 52. Kg7 Kh4
53. Rh2+ Kg3 54. Rh6 g5 55. Rg6 Kf4 56. Ra6 Ke3 57. Kg6 Kd3 58. Kf5 Rb4 59. a3
Rc4 60. Kxg5 Kc2 61. Rb6 Rc3 62. Rb4 Rxa3 63. Rf4 Ra1 64. Rf2+ Kd3 65. Rf3+ Ke2
66. Rh3 Rb1 67. Kf4 Rb3 68. Rh8 a3 69. Ke4 Rb4+ 70. Kd5 Ra4 71. Rh2+ Kd3 72.
Rh3+ Kc2 73. Rh2+ Kc3 74. Rh3+ Kb4 75. Rh4+ Kb5 76. Rh8 Ra6 77. Rh2 Ra8 78. Rg2
Rd8+ 79. Ke5 Kc4 80. Rh2 Re8+ 81. Kd6 Rb8 82. Kc6 Kb3 83. Rh3+ Kb2 84. Rh2+ Ka1
85. Kc5 a2 86. Kc4 Kb1 87. Rh1+ Kb2 88. Rh2+ Ka3 89. Rh5 a1=Q 0-1

[Event "40th Olympiad Open"]
[Site "Istanbul TUR"]
[Date "2012.09.07"]
[Round "10.46"]
[Board "1"]
[White "Jones, Richard S."]
[Black "Collins, Sam E."]
[Result "1/2-1/2"]
[WhiteTitle "IM"]
[BlackTitle "IM"]
[WhiteElo "2393"]
[BlackElo "2459"]
[WhiteTeam "Wales"]
[BlackTeam "Ireland"]
[WhiteFideId "1800833"]
[BlackFideId "2501198"]
[EventDate "2012.08.28"]

1. e4 e5 2. Nf3 Nc6 3. Bb5 a6 4. Ba4 Nf6 5. O-O Be7 6. Re1 b5 7. Bb3 O-O 8. c3
d5 9. exd5 Nxd5 10. Nxe5 Nxe5 11. Rxe5 Bb7 12. d4 Bf6 13. Re1 Re8 14. Bd2 Rxe1+
15. Qxe1 b4 16. cxb4 Bxd4 17. Nc3 Nxb4 18. Be3 c5 19. Rd1 Qb6 20. Qf1 Nc6 21.
Na4 Qa5 22. Qe1 Qxe1+ 23. Rxe1 Re8 24. Rd1 Re5 25. Nb6 Bxe3 26. fxe3 Rxe3 27.
Nc4 Re7 28. Rd5 g6 29. Nd6 Nd4 30. Nxb7 Rxb7 31. Rxc5 Nxb3 32. axb3 Rxb3 33. Rc6
Rxb2 34. Rxa6 Kg7 35. h3 h5 36. Kh2 h4 37. Rc6 Ra2 38. Rb6 Rd2 39. Ra6 Re2 40.
Rb6 Rc2 41. Rb7 Rf2 42. Kg1 Ra2 43. Kh2 Kf6 44. Rc7 Ke6 45. Rb7 Rd2 46. Ra7 g5
47. Ra8 f6 48. Ra6+ Ke5 49. Ra5+ Ke4 50. Ra6 f5 51. Rg6 Kf4 52. Rf6 Rc2 53. Rf8
Ke5 54. Rg8 Kf4 55. Rf8 Rc5 56. Rf7 Re5 57. Rf8 Ke3 58. Rg8 Kf4 59. Rf8 Re4 60.
Rf7 Ke5 61. Rf8 Rd4 62. Re8+ Kf6 63. Rf8+ Kg6 64. Rg8+ Kh6 65. Rh8+ Kg7 66. Ra8
Re4 67. Ra6 g4 68. hxg4 fxg4 69. Rb6 Rf4 70. g3 hxg3+ 71. Kxg3 Rf6 72. Rxf6 Kxf6
73. Kxg4 1/2-1/2

[Event "40th Olympiad Open"]
[Site "Istanbul TUR"]
[Date "2012.09.07"]
[Round "10.46"]
[Board "2"]
[White "Astaneh Lopez, Alex"]
[Black "Kett, Tim"]
[Result "1-0"]
[WhiteTitle "IM"]
[WhiteElo "2398"]
[BlackElo "2237"]
[WhiteTeam "Ireland"]
[BlackTeam "Wales"]
[WhiteFideId "2501430"]
[BlackFideId "1801210"]
[EventDate "2012.08.28"]

1. Nf3 d6 2. d4 Bg4 3. Nbd2 Nd7 4. h3 Bxf3 5. Nxf3 e5 6. e4 Ngf6 7. Bc4 Be7 8.
O-O O-O 9. dxe5 dxe5 10. Qe2 c6 11. Rd1 Qc7 12. Bg5 b5 13. Bd3 Nc5 14. c3 h6 15.
Bh4 Nh5 16. Bxe7 Qxe7 17. g3 Rfd8 18. Bc2 a5 19. Kh2 Qf6 20. Qe3 Ne6 21. Rxd8+
Rxd8 22. a4 b4 23. Rd1 Rxd1 24. Bxd1 bxc3 25. Qxc3 Nd4 26. Kg2 Qg6 27. Nxd4 Nf4+
28. Kh2 exd4 29. Qxa5 Ne6 30. Qa8+ Nf8 31. Bf3 Qf6 32. Kg2 d3 33. e5 Qxe5 34.
Qxc6 d2 35. Qc2 Qa5 36. Qc3 Qd8 37. Bd1 Ne6 38. b4 Qd5+ 39. f3 Ng5 40. h4 Ne6
41. Kf2 g5 42. hxg5 hxg5 43. a5 g4 44. a6 gxf3 45. Qxf3 Qd4+ 46. Qe3 Qxb4 47. a7
Qa5 48. Bf3 Qa2 49. Ke2 Nc7 50. Qg5+ 1-0

[Event "40th Olympiad Open"]
[Site "Istanbul TUR"]
[Date "2012.09.07"]
[Round "10.46"]
[Board "3"]
[White "Dineley, Richard"]
[Black "Griffiths, Ryan Rhys"]
[Result "1/2-1/2"]
[BlackTitle "FM"]
[WhiteElo "2259"]
[BlackElo "2362"]
[WhiteTeam "Wales"]
[BlackTeam "Ireland"]
[WhiteFideId "1800680"]
[BlackFideId "2502054"]
[EventDate "2012.08.28"]

1. e4 c5 2. Nf3 d6 3. d4 cxd4 4. Nxd4 Nf6 5. Nc3 a6 6. Be2 e6 7. O-O Be7 8. f4
O-O 9. Be3 Nc6 10. Kh1 Qc7 11. Qe1 Nxd4 12. Bxd4 b5 13. a3 Bb7 14. Qg3 Kh8 15.
Rae1 Rad8 16. Bd3 Rg8 17. e5 dxe5 18. Bxe5 Qc5 19. Qh3 h6 20. f5 exf5 21. Rxf5
Rge8 22. Ref1 Qc8 23. Ne4 Bxe4 24. Bxe4 Qe6 25. Bd3 Rd5 26. Bc3 Rxf5 27. Qxf5
Kg8 28. Qxe6 fxe6 29. Bg6 Rf8 30. Be5 Nd7 31. Rxf8+ Kxf8 32. Bc7 Bf6 33. Bd6+
Be7 34. Bc7 Bf6 35. b3 Ke7 36. Kg1 Bb2 37. a4 1/2-1/2

[Event "40th Olympiad Open"]
[Site "Istanbul TUR"]
[Date "2012.09.07"]
[Round "10.46"]
[Board "4"]
[White "McMahon, Daire"]
[Black "Brown, Thomas"]
[Result "1/2-1/2"]
[WhiteTitle "FM"]
[WhiteElo "2153"]
[BlackElo "2104"]
[WhiteTeam "Ireland"]
[BlackTeam "Wales"]
[WhiteFideId "2500477"]
[BlackFideId "1801430"]
[EventDate "2012.08.28"]

1. d4 Nf6 2. c4 c5 3. d5 e6 4. Nc3 exd5 5. cxd5 d6 6. Nf3 g6 7. Bf4 Bg7 8. Qa4+
Bd7 9. Qb3 Qc7 10. e4 O-O 11. Nd2 Nh5 12. Be3 f5 13. exf5 gxf5 14. Be2 Be8 15.
Nf3 b5 16. O-O b4 17. Nb1 h6 18. a3 bxa3 19. Nxa3 Nd7 20. Qc2 Nb6 21. Nb5 Qe7
22. Rfd1 Nf6 23. Bf4 Ne4 24. Bd3 Rf6 25. h3 Kh8 26. Bh2 Nxd5 27. Bc4 Nb4 28. Qe2
d5 29. Bxd5 Nxd5 30. Rxd5 Qb7 31. Nc7 Bc6 32. Nxa8 Bxd5 33. Nc7 Rb6 34. Nxd5
Qxd5 35. Rd1 Rxb2 36. Rxd5 Rxe2 37. Rd8+ Kh7 38. Rd7 Ng5 39. Kf1 Re8 40. Be5 Ne6
41. Rxa7 Kg8 1/2-1/2

[Event "40th Olympiad Open"]
[Site "Istanbul TUR"]
[Date "2012.09.07"]
[Round "10.47"]
[Board "1"]
[White "Kojima, Shinya"]
[Black "Mok, Tze-Meng"]
[Result "0-1"]
[WhiteTitle "FM"]
[BlackTitle "IM"]
[WhiteElo "2282"]
[BlackElo "2354"]
[WhiteTeam "Japan"]
[BlackTeam "Malaysia"]
[WhiteFideId "7000812"]
[BlackFideId "5700329"]
[EventDate "2012.08.28"]

1. Nf3 g6 2. e4 Bg7 3. d4 d6 4. Bc4 Nf6 5. Qe2 O-O 6. e5 Nfd7 7. e6 Nb6 8. exf7+
Kh8 9. Bb3 d5 10. c3 Nc6 11. Nbd2 Rxf7 12. h4 h6 13. Nf1 Qd6 14. Bc2 Bf5 15.
Bxf5 Rxf5 16. Ne3 Rf4 17. Nf1 Re4 18. Be3 Nc4 19. N1d2 Nxe3 20. fxe3 Qg3+ 21.
Kd1 Rg4 22. Rh2 Rf8 23. Kc2 Qd6 24. Rah1 e5 25. Nxe5 Nxe5 26. dxe5 Qe6 27. Nf3
Re4 28. Rh3 Bxe5 29. Nxe5 Rxe5 30. Rf1 Ref5 31. Rhf3 Qe4+ 32. Qd3 Kg7 33. Qxe4
dxe4 34. Rf4 h5 35. Kd2 Rxf4 36. Rxf4 Rxf4 37. exf4 Kf6 38. Ke2 Kf5 39. Ke3 b5
40. b3 c5 41. a3 c4 42. bxc4 bxc4 43. a4 a5 44. g3 Kg4 45. Kxe4 Kxg3 46. Kd4
Kxh4 0-1